| 000 | 00745nam a22002777a 4500 | ||
|---|---|---|---|
| 005 | 20250819131156.0 | ||
| 008 | 190621b2007 xxu||||| |||| 00| 0 spa d | ||
| 020 | _a9789708171687 | ||
| 041 | _aESP | ||
| 082 | _a340 F634i | ||
| 100 |
_aFlores Salgado, Lucerito _954737 |
||
| 245 | _aIntroducción al estudio del derecho | ||
| 260 | _aMéxico | ||
| 260 | _bGrupo Editorial Patria | ||
| 260 | _c2007 | ||
| 300 | _a123 páginas | ||
| 490 | _aDirección y Administración de Empresas | ||
| 490 | _aInvestigación Criminal | ||
| 650 | _aDERECHO | ||
| 650 | _aDERECHO POSITIVO | ||
| 650 | _aFUNCIONES DEL ESTADO | ||
| 650 | _aESTRUCTURA INTERNA | ||
| 650 | _aDESARROLLO SOCIAL | ||
| 650 | _aDERECHOS HUMANOS | ||
| 942 |
_cBK _2ddc |
||
| 999 |
_c12110 _d12110 |
||